000 00496nam a2200169Ia 4500
005 20250423100541.0
008 250422s9999 xx 000 0 und d
020 _a9789785315783
050 _aJK 271 .E54/
100 _aEneanya, Augustine Nduka
245 0 _aPolicy research, analysis and public-making (vol. 111)
260 _aLagos
260 _bUniversity of Lagos Press and Bookshop Ltd.
260 _c2016
650 _aPublic policy-making Policy research and analysis
942 _cBK
999 _c33647
_d33647